<?xml version="1.0" encoding="UTF-8"?>
<record
    xmlns:xsi="http://www.w3.org/2001/XMLSchema-instance"
    xsi:schemaLocation="http://www.loc.gov/MARC21/slim http://www.loc.gov/standards/marcxml/schema/MARC21slim.xsd"
    xmlns="http://www.loc.gov/MARC21/slim">

  <leader>04558nam a2200445 a 4500</leader>
  <controlfield tag="001">dia_3641</controlfield>
  <controlfield tag="003">CHAP</controlfield>
  <controlfield tag="005">20250422081232.0</controlfield>
  <controlfield tag="007">ta</controlfield>
  <controlfield tag="008">220117s2005    mx ad  frm    001 0 spa d</controlfield>
  <datafield tag="010" ind1=" " ind2=" ">
    <subfield code="a">174163</subfield>
  </datafield>
  <datafield tag="040" ind1=" " ind2=" ">
    <subfield code="c">CHAP</subfield>
    <subfield code="a">mxchpua</subfield>
  </datafield>
  <datafield tag="041" ind1="0" ind2=" ">
    <subfield code="a">spa</subfield>
    <subfield code="b">eng</subfield>
  </datafield>
  <datafield tag="090" ind1=" " ind2=" ">
    <subfield code="a">Tesis</subfield>
    <subfield code="b">H472</subfield>
    <subfield code="c">2005</subfield>
  </datafield>
  <datafield tag="100" ind1="1" ind2=" ">
    <subfield code="a">Hern&#xE1;ndez Monta&#xF1;o, Emmanuel</subfield>
  </datafield>
  <datafield tag="240" ind1="1" ind2="0">
    <subfield code="a">Commercial quality of the barley for malt (Hordeum vulgare) in Calpulalpan, Tlaxcala, Mexico.</subfield>
    <subfield code="l">Espa&#xF1;ol</subfield>
  </datafield>
  <datafield tag="245" ind1="1" ind2="0">
    <subfield code="a">Calidad comercial de la cebada maltera (Hordeum vulgare) de Calpulalpan Tlaxcala, M&#xE9;xico/</subfield>
    <subfield code="c">Emmanuel Hern&#xE1;ndez Monta&#xF1;o</subfield>
  </datafield>
  <datafield tag="264" ind1=" " ind2=" ">
    <subfield code="a">Chapingo, M&#xE9;xico :</subfield>
    <subfield code="b">El autor,</subfield>
    <subfield code="c">2005</subfield>
  </datafield>
  <datafield tag="300" ind1=" " ind2=" ">
    <subfield code="a">55 hojas :</subfield>
    <subfield code="b">ilustraciones, tablas, gr&#xE1;ficas</subfield>
  </datafield>
  <datafield tag="336" ind1=" " ind2=" ">
    <subfield code="2">rdacontent</subfield>
    <subfield code="a">texto</subfield>
    <subfield code="b">txt</subfield>
  </datafield>
  <datafield tag="337" ind1=" " ind2=" ">
    <subfield code="2">rdamedia</subfield>
    <subfield code="a">no mediado</subfield>
    <subfield code="b">n</subfield>
  </datafield>
  <datafield tag="338" ind1=" " ind2=" ">
    <subfield code="2">rdacarrier</subfield>
    <subfield code="a">volumen</subfield>
    <subfield code="b">nc</subfield>
  </datafield>
  <datafield tag="502" ind1=" " ind2=" ">
    <subfield code="a">Tesis</subfield>
    <subfield code="b">(Ingeniero Agroindustrial) --</subfield>
    <subfield code="c">UACh. Departamento de Ingenier&#xED;a Agroindustrial,</subfield>
    <subfield code="d">2005</subfield>
  </datafield>
  <datafield tag="504" ind1=" " ind2=" ">
    <subfield code="a">Bibliograf&#xED;a : hojas 52-55</subfield>
  </datafield>
  <datafield tag="520" ind1="3" ind2=" ">
    <subfield code="a">El presente trabajo se plante&#xF3; con el objetivo de determinar la calidad de la cebada maltera comercializada por los productores de Calpulalpan, Tlaxcala, M&#xE9;x. Durante el periodo de octubre a diciembre de 2004, de 1000 productores registrados en el comisariado ejidal se tomaron muestras de la cosecha de cebada de 45 productores mediante muestreo aleatorio simple, a la muestras de cebada se le realizaron pruebas de calidad en aquellos par&#xE1;metros que se&#xF1;ala la norma mexicana (NMX-FF- 043-SCFI 2003): porcentaje de impurezas, porcentaje de humedad, peso hectol&#xED;trico, porcentaje de grano para uso maltero, porcentaje de granos da&#xF1;ados, porcentaje de granos desnudos y quebrados y porcentaje de viabilidad. Los resultados se analizaron con estad&#xED;stica descriptiva, an&#xE1;lisis de varianza usando la prueba de F con un &#xF061;=0.01 de significancia y una comparaci&#xF3;n de medias con el m&#xE9;todo de Tukey, adem&#xE1;s de un an&#xE1;lisis de correlaci&#xF3;n. Los resultados muestran que existe una gran variabilidad de calidad entre los productores, ya que se encuentran productores cuya cebada tiene muy buena calidad y otros que no la cubren satisfactoriamente. Un problema general es que poco m&#xE1;s del 50 % de los productores tienen bajos valores de peso hectol&#xED;trico y porcentajes de viabilidad, adem&#xE1;s de valores altos en los porcentajes de humedad, par&#xE1;metros de suma importancia, lo que ocasiona que se apliquen deducciones de pago o el rechazo total, de su producto.</subfield>
  </datafield>
  <datafield tag="520" ind1="3" ind2=" ">
    <subfield code="a">The present work was developed with the objective to determine the quality of the barley for malt commercialized by producers of Calpulalpan in the state of Tlaxcala, M&#xE9;xico. During the period from October to December 2004, from 1000 producers recorded in the &#x201C;ejido&#x201D;, were taken random samples of harvested barley from 45 producers chosen by simple random sampling, Barley samples were evaluated by quality tests that indicate the regulation Mexican (NMX-FF-043-SCFI-2003): percentage of impurities, percentage of humidity, weight per hectolitro, percentage of grain for suitable malting type, percentage of damaged grains, percentage of grains naked and broken and percentage of viability. To the results one analyzed with descriptive statistic, analysis of variance using the test of F with &#xF061;=0.01 of significance and a comparison to them of averages with the method of Tukey, in addition to a correlation analysis. The results show that a great variability of quality between the producers exists, since are producers whose barley has very good quality and other that do not cover it satisfactorily. A general problem is that little but of 50 % of the producers they have low values of weight per hectol&#xED;tro and percentage of viability, and in addition to high values in the percentage of humidity, parameters of extreme importance, which causes that they are applied to deductions of payment or the total rejection, of its product.</subfield>
  </datafield>
  <datafield tag="650" ind1="1" ind2="3">
    <subfield code="a">Hordeum vulgare</subfield>
    <subfield code="2">atg</subfield>
  </datafield>
  <datafield tag="650" ind1="1" ind2="3">
    <subfield code="a">Calidad de malteado  </subfield>
    <subfield code="2">atg</subfield>
  </datafield>
  <datafield tag="650" ind1="1" ind2="3">
    <subfield code="a">Cebada cervecera  </subfield>
    <subfield code="2">atg</subfield>
  </datafield>
  <datafield tag="650" ind1="1" ind2="3">
    <subfield code="a">Malting quality  </subfield>
    <subfield code="2">atg</subfield>
  </datafield>
  <datafield tag="650" ind1="1" ind2="3">
    <subfield code="a">Malting barley  </subfield>
    <subfield code="2">atg</subfield>
  </datafield>
  <datafield tag="700" ind1="1" ind2=" ">
    <subfield code="a">S&#xE1;nchez Dom&#xED;nguez, Samuel</subfield>
    <subfield code="e">director</subfield>
  </datafield>
  <datafield tag="700" ind1="1" ind2=" ">
    <subfield code="a">Buend&#xED;a Gonz&#xE1;lez, Mar&#xED;a Ofelia</subfield>
    <subfield code="e">asesora</subfield>
  </datafield>
  <datafield tag="700" ind1="1" ind2=" ">
    <subfield code="a">Altamirano C&#xE1;rdenas, J. Reyes</subfield>
    <subfield code="e">asesor</subfield>
  </datafield>
  <datafield tag="856" ind1="4" ind2="1">
    <subfield code="u">http://10.13.5.2/tesis/102703.pdf</subfield>
    <subfield code="y">DESCARGAR PDF</subfield>
  </datafield>
  <datafield tag="901" ind1=" " ind2=" ">
    <subfield code="a">TESIS H472 2005</subfield>
  </datafield>
  <datafield tag="902" ind1=" " ind2=" ">
    <subfield code="a">M</subfield>
  </datafield>
  <datafield tag="905" ind1=" " ind2=" ">
    <subfield code="a">0000002005                          mx     0000000000spa00</subfield>
  </datafield>
  <datafield tag="942" ind1=" " ind2=" ">
    <subfield code="c">TESIS</subfield>
    <subfield code="2">Clasificaci&#xF3;n Universidad Aut&#xF3;noma Chapingo</subfield>
  </datafield>
  <datafield tag="999" ind1=" " ind2=" ">
    <subfield code="c">174163</subfield>
    <subfield code="d">174163</subfield>
  </datafield>
  <datafield tag="952" ind1=" " ind2=" ">
    <subfield code="0">0</subfield>
    <subfield code="1">0</subfield>
    <subfield code="2">local</subfield>
    <subfield code="4">0</subfield>
    <subfield code="5">1</subfield>
    <subfield code="7">0</subfield>
    <subfield code="8">TESIS</subfield>
    <subfield code="a">IA_</subfield>
    <subfield code="b">IA_</subfield>
    <subfield code="d">2025-04-22</subfield>
    <subfield code="e">El autor</subfield>
    <subfield code="l">0</subfield>
    <subfield code="o">Tesis H472 2005</subfield>
    <subfield code="p">1101015355</subfield>
    <subfield code="r">2026-02-02 00:00:00</subfield>
    <subfield code="t">Ej.1</subfield>
    <subfield code="w">2025-04-22</subfield>
    <subfield code="y">TESIS</subfield>
  </datafield>
  <datafield tag="952" ind1=" " ind2=" ">
    <subfield code="0">0</subfield>
    <subfield code="1">0</subfield>
    <subfield code="2">local</subfield>
    <subfield code="4">0</subfield>
    <subfield code="5">5</subfield>
    <subfield code="7">0</subfield>
    <subfield code="8">TESIS</subfield>
    <subfield code="a">IA_</subfield>
    <subfield code="b">IA_</subfield>
    <subfield code="d">2025-04-22</subfield>
    <subfield code="e">El autor</subfield>
    <subfield code="l">0</subfield>
    <subfield code="o">Tesis H472 2005</subfield>
    <subfield code="p">1101015356</subfield>
    <subfield code="r">2026-02-02 00:00:00</subfield>
    <subfield code="t">Ej.2</subfield>
    <subfield code="w">2025-04-22</subfield>
    <subfield code="y">TESIS</subfield>
  </datafield>
  <datafield tag="952" ind1=" " ind2=" ">
    <subfield code="0">0</subfield>
    <subfield code="1">0</subfield>
    <subfield code="2">local</subfield>
    <subfield code="4">0</subfield>
    <subfield code="7">0</subfield>
    <subfield code="8">TesDigL</subfield>
    <subfield code="a">IA_</subfield>
    <subfield code="b">IA_</subfield>
    <subfield code="c">E_L</subfield>
    <subfield code="d">2025-04-22</subfield>
    <subfield code="e">El autor</subfield>
    <subfield code="l">0</subfield>
    <subfield code="p">1201015355</subfield>
    <subfield code="r">2025-04-22 09:22:52</subfield>
    <subfield code="w">2025-04-22</subfield>
    <subfield code="y">TD</subfield>
  </datafield>
</record>
